| 000 | 00526nam a2200217Ia 4500 | ||
|---|---|---|---|
| 005 | 20250425162659.0 | ||
| 008 | 250425s9999 xx 000 0 und d | ||
| 020 | _a9589356001 | ||
| 041 | _aspa | ||
| 043 | _ack | ||
| 082 | _a639.8 | ||
| 245 | 0 | _aFUNDAMENTOS DE ACUICULTURA CONTINENTAL | |
| 250 | _aS.E | ||
| 260 | _aBOGOTA | ||
| 260 |
_aColombia _bMINISTERIO DE AGRICULTURA, PESCA Y ACUICULTURA INPA _c1995 |
||
| 300 | _a286 | ||
| 500 | _aFOTOCOPIADO | ||
| 650 | _aACUICULTURA | ||
| 942 | _c01 | ||
| 010 | _a96343 | ||
| 999 |
_c234225 _d234225 |
||